000
00249nam a22001097a 4500
040
_c
SY
082
_a
895
100
_a
ហ៊ីង សាលីន
245
_a
អក្សរសាស្រ្ត
260
_a
RUA
_b
ហ៊ីង
_c
2008
942
_c
KB
999
_c
9088
_d
9088